[Event "Oslo Sveins op 9th"]
[Site "Oslo"]
[Date "2016.06.24"]
[Round "5"]
[White "Haveland, Bjorn Ivar"]
[Black "Fedchuk, Kirill"]
[Result "1-0"]
[WhiteElo "1886"]
[BlackElo "1787"]
[PlyCount "35"]
[EventDate "2016.06.24"]
[EventType "swiss"]
[EventRounds "9"]
[EventCountry "NOR"]
[SourceTitle "CBM 173 Extra"]
[Source "ChessBase"]
[SourceDate "2016.08.29"]
[SourceVersion "1"]
[SourceVersionDate "2016.08.29"]
[SourceQuality "1"]

1. d4 Nf6 2. Nf3 e6 3. e3 b6 4. Bd3 Bb7 5. 0-0 d5 6. b3 Nbd7 7. Bb2 Be7 8. Nbd2 0-0 9. Ne5 c5 10. f4 h6 11. Qf3 a5 12. Qh3 Nxe5 13. dxe5 Ne8 14. f5 Bc8 15. f6 gxf6 16. exf6 Nxf6 17. Qxh6 d4 18. Rxf6 1-0

[Event "Nord-Norsk-ch"]
[Site "Alta"]
[Date "2016.05.13"]
[Round "1"]
[White "Nielsen, Andre"]
[Black "Fedchuk, Kirill"]
[Result "1-0"]
[WhiteElo "2009"]
[BlackElo "1707"]
[PlyCount "95"]
[EventDate "2016.05.13"]
[EventType "swiss"]
[EventRounds "6"]
[EventCountry "NOR"]
[SourceTitle "EXT 2024"]
[Source "ChessBase"]
[SourceDate "2023.10.10"]
[SourceVersion "1"]
[SourceVersionDate "2023.10.10"]
[SourceQuality "1"]

1. e4 e5 2. Nf3 Nc6 3. Bb5 f5 4. d3 fxe4 5. dxe4 Nf6 6. Nc3 Bc5 7. Bg5 0-0 8. Bxf6 Qxf6 9. Qd5+ Rf7 10. Qxc5 Nd4 11. 0-0-0 d6 12. Qb4 a5 13. Qa3 Nxf3 14. gxf3 Be6 15. Be2 Kh8 16. Kb1 Rd7 17. Nd5 Qd8 18. Ne3 c6 19. Rd2 d5 20. Rhd1 d4 21. Nc4 Qc7 22. Qc5 Bxc4 23. Bxc4 b6 24. Qa3 b5 25. Be2 b4 26. Qb3 Qd6 27. a4 bxa3 28. Qxa3 Qb4 29. Qxb4 axb4 30. Rd3 Rda7 31. Kc1 c5 32. Rb3 Re8 33. Bc4 Rf8 34. Kd2 g5 35. Rg1 h6 36. Ke2 Kh7 37. Rd3 Kg6 38. Rdd1 Rf4 39. Ra1 Rc7 40. Ra6+ Rf6 41. Rga1 Rcc6 42. Rxc6 Rxc6 43. Ra6 Rxa6 44. Bxa6 Kh5 45. Kd3 g4 46. f4 exf4 47. e5 Kg5 48. Ke4 1-0

[Event "Politiken Cup 37th"]
[Site "Helsingor"]
[Date "2015.07.31"]
[Round "8"]
[White "Fedchuk, Kirill"]
[Black "Hojgaard, Brandur"]
[Result "0-1"]
[WhiteElo "1631"]
[BlackElo "1787"]
[PlyCount "74"]
[EventDate "2015.07.25"]
[EventType "swiss"]
[EventRounds "10"]
[EventCountry "DEN"]
[SourceTitle "CBM 167 Extra"]
[Source "ChessBase"]
[SourceDate "2015.09.14"]
[SourceVersion "1"]
[SourceVersionDate "2015.09.14"]
[SourceQuality "1"]

1. c4 e6 2. Nc3 g6 3. Nf3 Bg7 4. d4 d5 5. Bf4 c6 6. e3 Nf6 7. h3 0-0 8. c5 Re8 9. b4 Nbd7 10. Bd3 Nh5 11. Bd6 e5 12. dxe5 Nxe5 13. Rc1 Nxf3+ 14. Qxf3 d4 15. Ne2 dxe3 16. fxe3 Qh4+ 17. Kd2 Qxb4+ 18. Kd1 Bh6 19. Rf1 Be6 20. g4 Ng7 21. Nf4 Bxf4 22. Qxf4 Qxf4 23. Bxf4 Bxa2 24. Kd2 Rad8 25. Ke2 Ne6 26. Rc3 Nxf4+ 27. Rxf4 Be6 28. Rb4 Rd7 29. Ra3 Red8 30. e4 a6 31. Ke3 Re7 32. Ra1 Bc8 33. Rf1 Kg7 34. Bc4 Rde8 35. Bb3 f5 36. gxf5 Bxf5 37. Bc2 Bxh3 0-1

[Event "Tromsoe Arctic NGP-B"]
[Site "Tromsoe"]
[Date "2013.08.18"]
[Round "6"]
[White "Vestjord, Harald Christian"]
[Black "Fedchuk, Kirill"]
[Result "1/2-1/2"]
[WhiteElo "731"]
[BlackElo "845"]
[PlyCount "39"]
[EventDate "2013.08.16"]
[EventType "swiss"]
[EventRounds "7"]
[EventCountry "NOR"]
[SourceTitle "CBM 156 Extra"]
[Source "ChessBase"]
[SourceDate "2013.10.22"]
[SourceVersion "1"]
[SourceVersionDate "2013.10.22"]
[SourceQuality "1"]

1. e4 c5 2. Nf3 d6 3. d4 cxd4 4. Nxd4 e5 5. Nf3 Nf6 6. Nc3 a6 7. Bg5 Be7 8. Bc4 b5 9. Be2 Bb7 10. Qd3 Nbd7 11. Bxf6 Nc5 12. Qe3 Bxf6 13. Rd1 Qc7 14. 0-0 Rd8 15. Rd2 Ne6 16. Rfd1 Nf4 17. h4 h6 18. b3 Nxe2+ 19. Qxe2 g5 20. h5 1/2-1/2

[Event "Tromsoe Arctic NGP-B"]
[Site "Tromsoe"]
[Date "2013.08.17"]
[Round "4"]
[White "Burchard, Ingar Berg"]
[Black "Fedchuk, Kirill"]
[Result "1-0"]
[WhiteElo "1300"]
[BlackElo "845"]
[PlyCount "75"]
[EventDate "2013.08.16"]
[EventType "swiss"]
[EventRounds "7"]
[EventCountry "NOR"]
[SourceTitle "CBM 156 Extra"]
[Source "ChessBase"]
[SourceDate "2013.10.22"]
[SourceVersion "1"]
[SourceVersionDate "2013.10.22"]
[SourceQuality "1"]

1. e4 c5 2. Nf3 d6 3. d4 cxd4 4. Nxd4 e5 5. Bb5+ Bd7 6. Bxd7+ Nxd7 7. Nf5 Nc5 8. Nc3 g6 9. Ng3 Be7 10. 0-0 Nf6 11. Bh6 Nfd7 12. Nd5 Nf6 13. Nxe7 Qxe7 14. f3 Rd8 15. b4 Ne6 16. c4 Nf4 17. Qa4+ Rd7 18. Qxa7 b5 19. Qb8+ Rd8 20. Qxb5+ Qd7 21. Qxd7+ Rxd7 22. Bg7 Rg8 23. Bxf6 Nh5 24. Nxh5 gxh5 25. a4 Rg6 26. Bh4 Rc7 27. Rfc1 Re6 28. b5 d5 29. cxd5 Rb6 30. Rxc7 Rb8 31. Rac1 Ra8 32. Rc8+ Rxc8 33. Rxc8+ Kd7 34. Rc6 Ke8 35. b6 Kd7 36. b7 Ke8 37. b8Q+ Kd7 38. Qc8# 1-0